Arte del siglo XX

Shranjeno v:
Bibliografske podrobnosti
Main Authors: Ruhrberg, Karl (Author), Schneckenburger, Manfred (Author), Fricke, Christiane (Author), Walther, Ingo F (Author), Honnef, Klaus (Author)
Format: Knjiga
Jezik:španščina
Izdano: Colonia Taschen 2005
Izdaja:1a. ed
Teme:
Oznake: Označite
Brez oznak, prvi označite!

MARC

LEADER 00000nam a2200000 a 4500
001 UCG4849
003 CL-VaPUC
008 101209e20050000GW |||||||||||||||||spa|d
020 |a 9783822840870 
082 0 4 |a 709  |b RUH  |2 21 
100 0 |a Ruhrberg, Karl  |e author  |9 554311 
700 0 |a Schneckenburger, Manfred  |e author  |9 554312 
700 0 |a Fricke, Christiane  |e author  |9 554313 
700 0 |a Walther, Ingo F  |e author  |9 554314 
700 |a Honnef, Klaus  |e author  |9 557822 
245 1 0 |a Arte del siglo XX 
250 |a 1a. ed 
300 |a 2 v 
942 |c BK 
945 |d 20101209 00:00:00  |a cmena 
260 |a Colonia  |b Taschen  |c 2005 
500 |a v.1: Pintura 
500 |a v.2: Escultura, Nuevos Medios, Fotografía 
650 0 |a Arte   |y Siglo 20  |9 267709 
650 0 |a Estilos artísticos  |9 340996 
650 0 |a Historia del arte  |9 314877 
650 0 |a Modernismo  |9 267987 
650 7 |a CLASICISMO  |2 CL-VaPUC  |9 268682 
650 0 |a Abstracción  |9 344698 
650 0 |a Cubismo  |9 265275 
650 7 |a MINIMALISMO  |2 CL-VaPUC  |9 529693 
650 0 |a Pintura  |9 265046 
650 0 |a Escultura  |9 265737 
650 0 |a Fotografía  |9 268495 
583 |a last modification  |c 20101209 00:00:00  |k Rodrigo Vera 
999 |c 343455  |d 343453 
952 |0 0  |1 0  |4 0  |6 709_000000000000000_RUH_2005  |7 0  |8 A  |9 440765  |a BIBCUR  |b BIBCUR  |d 2019-11-22  |h v.1  |i 4437276  |l 2  |o 709 RUH 2005  |p 4437276  |r 2025-04-22  |s 2023-09-28  |w 2019-11-22  |y BK  |k PER 
952 |0 0  |1 0  |4 0  |6 709_000000000000000_RUH_2005  |7 0  |8 A  |9 440766  |a BIBCUR  |b BIBCUR  |d 2019-11-22  |h v.2  |i 4437284  |o 709 RUH 2005  |p 4437284  |r 2025-04-22  |w 2019-11-22  |y BK  |k PER